[Event "NED-ch 2006"]
[Site "Hilversum"]
[Date "2006.06.17"]
[Round "1"]
[White "Sokolov, Ivan"]
[Black "Smeets, Jan"]
[Result "1-0"]
[WhiteElo "2676"]
[BlackElo "2535"]
[PlyCount "89"]
[EventDate "2006.06.17"]
[Source "ChessBase"]
[SourceDate "2006.07.31"]

1. d4 d5 2. c4 c6 3. Nc3 Nf6 4. e3 a6 5. Nf3 Bf5 6. Bd3 Bxd3 7. Qxd3 e6 8. O-O
Be7 9. e4 b5 10. cxd5 cxd5 11. e5 Nfd7 12. a4 bxa4 13. Nxa4 Nc6 14. Bd2 Qb8 15.
Rfc1 Qb7 16. Rc3 Nb4 17. Qb1 Rc8 18. Raa3 Rc4 19. Rxc4 dxc4 20. Rc3 Qb5 21. b3
cxb3 22. Rc8+ Bd8 23. Nc3 Qb7 24. Ne4 O-O 25. Nd6 Qb6 26. Qxb3 Nd5 27. Qc2 h6
28. Rc6 Qa7 29. Qe4 Nb8 30. Rc1 Qd7 31. Qg4 f5 32. Qg6 Ne7 33. Qg3 Kh7 34. h4
Nbc6 35. h5 Bc7 36. Bf4 a5 37. d5 exd5 38. Nh4 Nd4 39. Qd3 Bxd6 40. exd6 Nec6
41. Be3 Ne6 42. Ng6 Rf6 43. Qxd5 Nb4 44. Qa8 Rxg6 45. Rc8 1-0

[Event "NED-ch 2006"]
[Site "Hilversum"]
[Date "2006.06.17"]
[Round "1"]
[White "Stellwagen, Daniel"]
[Black "L'Ami, Erwin"]
[Result "1/2-1/2"]
[WhiteElo "2543"]
[BlackElo "2565"]
[PlyCount "70"]
[EventDate "2006.06.17"]
[Source "ChessBase"]
[SourceDate "2006.07.31"]

1. e4 e5 2. Nf3 Nc6 3. Bb5 a6 4. Ba4 Nf6 5. O-O Nxe4 6. d4 b5 7. Bb3 d5 8. dxe5
Be6 9. Nbd2 Be7 10. c3 O-O 11. Bc2 f5 12. Nb3 Qd7 13. Nfd4 Nxd4 14. Nxd4 c5 15.
Nxe6 Qxe6 16. f3 Ng5 17. Bxg5 Bxg5 18. f4 Be7 19. Qf3 c4 20. Rad1 Bc5+ 21. Kh1
Rad8 22. h3 g6 23. b4 Bb6 24. g4 fxg4 25. hxg4 d4 26. cxd4 Rxd4 27. Rxd4 Bxd4
28. Kg2 Rd8 29. f5 gxf5 30. Bxf5 Qe7 31. Rh1 Bxe5 32. Bxh7+ Kg7 33. Bf5 Rd2+
34. Kf1 Rh2 35. Rxh2 Bxh2 1/2-1/2

[Event "NED-ch 2006"]
[Site "Hilversum"]
[Date "2006.06.18"]
[Round "2"]
[White "L'Ami, Erwin"]
[Black "Visser, Yge"]
[Result "1-0"]
[WhiteElo "2565"]
[BlackElo "2480"]
[PlyCount "95"]
[EventDate "2006.06.17"]
[Source "ChessBase"]
[SourceDate "2006.07.31"]

1. d4 Nf6 2. c4 g6 3. Nc3 Bg7 4. e4 d6 5. Nf3 O-O 6. Be2 Bg4 7. Be3 Nfd7 8. Rc1
e5 9. d5 a5 10. O-O Na6 11. Kh1 Ndc5 12. Nd2 Bxe2 13. Qxe2 Qd7 14. a3 f5 15. f3
h5 16. b3 h4 17. h3 Qe7 18. Rb1 Bf6 19. b4 axb4 20. axb4 Nd7 21. Qd3 Bg5 22.
Ne2 Bxe3 23. Qxe3 Rae8 24. Nc1 Nf6 25. Qg5 fxe4 26. Nxe4 Kg7 27. Nd3 Nxe4 28.
Qxe7+ Rxe7 29. fxe4 Rxf1+ 30. Rxf1 Nb8 31. c5 Nd7 32. Kg1 Nf6 33. Re1 Rf7 34.
Nb2 b5 35. c6 Rf8 36. Nd1 Ra8 37. Nc3 Ne8 38. Rb1 Ra3 39. Nxb5 Re3 40. Ra1 Rxe4
41. Nxc7 Nxc7 42. Ra7 Rxb4 43. Rxc7+ Kf6 44. Rd7 Rc4 45. Rxd6+ Kf5 46. Rd7 e4
47. c7 e3 48. Re7 1-0

[Event "NED-ch 2006"]
[Site "Hilversum"]
[Date "2006.06.18"]
[Round "2"]
[White "Van Wely, Loek"]
[Black "Sokolov, Ivan"]
[Result "1/2-1/2"]
[WhiteElo "2655"]
[BlackElo "2676"]
[PlyCount "67"]
[EventDate "2006.06.17"]
[Source "ChessBase"]
[SourceDate "2006.07.31"]

1. d4 d5 2. c4 c6 3. Nc3 dxc4 4. e3 Be6 5. Nge2 b5 6. Nf4 Bc8 7. a4 e5 8. dxe5
Qxd1+ 9. Kxd1 b4 10. Ne4 Nd7 11. e6 Ne5 12. exf7+ Kxf7 13. Nd2 Ba6 14. b3 Rd8
15. bxc4 Bxc4 16. Bxc4+ Nxc4 17. Ke2 Nxd2 18. Bxd2 Nf6 19. Rhc1 c5 20. Nd3 Bd6
21. f3 Nd7 22. a5 Rb8 23. e4 Rhc8 24. Rab1 Rb5 25. Rxb4 cxb4 26. Rxc8 b3 27.
Bc3 Bxh2 28. Rd8 Nb8 29. Ke3 Rb7 30. e5 Nc6 31. Rd5 Ne7 32. Rd8 Nc6 33. Rc8 Ne7
34. Rd8 1/2-1/2

[Event "NED-ch 2006"]
[Site "Hilversum"]
[Date "2006.06.18"]
[Round "2"]
[White "Werle, Jan"]
[Black "Nijboer, Friso"]
[Result "0-1"]
[WhiteElo "2529"]
[BlackElo "2584"]
[PlyCount "132"]
[EventDate "2006.06.17"]
[Source "ChessBase"]
[SourceDate "2006.07.31"]

1. Nf3 d6 2. d4 g6 3. c4 f5 4. Nc3 Nf6 5. g3 Bg7 6. Bg2 O-O 7. O-O Qe8 8. d5 a5
9. Nd4 Na6 10. b3 Bd7 11. Rb1 c6 12. Bb2 Nc7 13. Qd2 c5 14. Nc2 b5 15. cxb5
Nxb5 16. Na4 Ra6 17. Qd3 Qf7 18. Ne3 Nc7 19. Nc3 f4 20. gxf4 Nh5 21. f5 Nf4 22.
fxg6 hxg6 23. Qc2 Nb5 24. Nxb5 Bxb5 25. Rbe1 a4 26. Bxg7 Qxg7 27. Kh1 axb3 28.
axb3 Rf7 29. Be4 Qf6 30. Rg1 Rg7 31. Ng4 Qh4 32. e3 Bd7 33. exf4 Bxg4 34. f3
Bh5 35. f5 Qf6 36. fxg6 Bxf3+ 37. Bxf3 Qxf3+ 38. Rg2 Rb6 39. Ra1 Rb8 40. Kg1
Qxd5 41. Qc4 e6 42. Qxd5 exd5 43. Ra6 Rd7 44. Rg3 Kg7 45. h4 Rh8 46. Rg5 Rxh4
47. Rxd5 Rg4+ 48. Kf2 Rxg6 49. Ke3 Kf7 50. b4 cxb4 51. Rb6 Ke6 52. Rdb5 Rg3+
53. Kf2 Rdg7 54. Rxb4 Ke5 55. Rb7 Rg2+ 56. Kf1 Rg1+ 57. Kf2 R7g2+ 58. Kf3 Rg3+
59. Kf2 R1g2+ 60. Kf1 d5 61. Re7+ Kd6 62. Re2 Rg1+ 63. Kf2 Kc5 64. Rb8 d4 65.
Rc2+ Kd5 66. Rb5+ Ke4 0-1

[Event "NED-ch 2006"]
[Site "Hilversum"]
[Date "2006.06.19"]
[Round "3"]
[White "Bosch, Jeroen"]
[Black "L'Ami, Erwin"]
[Result "1/2-1/2"]
[WhiteElo "2465"]
[BlackElo "2565"]
[PlyCount "40"]
[EventDate "2006.06.17"]
[Source "ChessBase"]
[SourceDate "2006.07.31"]

1. d4 Nf6 2. c4 g6 3. Nc3 d5 4. Nf3 Bg7 5. e3 O-O 6. cxd5 Nxd5 7. Bd2 c5 8. Qb3
Nxc3 9. Bxc3 cxd4 10. Nxd4 Nd7 11. Be2 Nc5 12. Qa3 b6 13. O-O Bb7 14. Rfd1 Qb8
15. Bf3 Rc8 16. Rac1 a5 17. Bxb7 Qxb7 18. Nb5 Qa6 19. Bxg7 Qxb5 20. Bd4 Ra7
1/2-1/2

[Event "NED-ch 2006"]
[Site "Hilversum"]
[Date "2006.06.19"]
[Round "3"]
[White "Nijboer, Friso"]
[Black "Smeets, Jan"]
[Result "0-1"]
[WhiteElo "2584"]
[BlackElo "2535"]
[PlyCount "126"]
[EventDate "2006.06.17"]
[Source "ChessBase"]
[SourceDate "2006.07.31"]

1. e4 c5 2. Nf3 d6 3. c3 Nf6 4. h3 e6 5. Bd3 d5 6. e5 Nfd7 7. Bc2 Nc6 8. d4 b6
9. O-O cxd4 10. Ba4 Qc7 11. Nxd4 Nxd4 12. cxd4 Ba6 13. Re1 b5 14. Bb3 Rc8 15.
Bf4 Nb6 16. Qf3 Nc4 17. Nc3 Qb6 18. a4 b4 19. a5 Qb7 20. Ba4+ Kd8 21. Nd1 Bb5
22. Bg5+ Ke8 23. a6 Qb6 24. Bxb5+ Qxb5 25. Qe2 h6 26. Be3 Be7 27. h4 b3 28. h5
Bb4 29. Rf1 Rc6 30. Qd3 Rxa6 31. Rxa6 Qxa6 32. Qxb3 Qb6 33. Qd3 Be7 34. f4 f5
35. exf6 Bxf6 36. Bf2 Kd7 37. f5 Re8 38. fxe6+ Rxe6 39. Nc3 Qc6 40. b3 Nb6 41.
Ra1 Qb7 42. Qb5+ Ke7 43. Qa6 Qxa6 44. Rxa6 Rd6 45. Rxa7+ Ke6 46. g4 Rc6 47. Ne2
Rc2 48. Nf4+ Kd6 49. Nd3 Rc3 50. Nc5 Rc1+ 51. Kg2 Rc2 52. Kf3 Rxf2+ 53. Kxf2
Bxd4+ 54. Kf3 Kxc5 55. Kf4 Kb4 56. Kf5 Kxb3 57. Kg6 Nc4 58. Rb7+ Kc3 59. Rc7
Be5 60. Rxg7 Bxg7 61. Kxg7 Ne3 62. g5 hxg5 63. Kg6 Ng4 0-1

[Event "NED-ch 2006"]
[Site "Hilversum"]
[Date "2006.06.19"]
[Round "3"]
[White "Stellwagen, Daniel"]
[Black "Werle, Jan"]
[Result "1/2-1/2"]
[WhiteElo "2543"]
[BlackElo "2529"]
[PlyCount "52"]
[EventDate "2006.06.17"]
[Source "ChessBase"]
[SourceDate "2006.07.31"]

1. e4 e5 2. Nf3 Nc6 3. Bb5 a6 4. Ba4 Nf6 5. O-O Be7 6. Re1 b5 7. Bb3 d6 8. c3
O-O 9. h3 Na5 10. Bc2 c5 11. d4 Qc7 12. b4 cxb4 13. cxb4 Nc4 14. Nbd2 Bd7 15.
Nxc4 bxc4 16. Re3 Rab8 17. Bb2 Rxb4 18. Bc3 Rb5 19. a4 Rb7 20. dxe5 dxe5 21.
Nxe5 Be6 22. Rg3 Bb4 23. Qe1 Bxc3 24. Qxc3 Rb3 25. Bxb3 Nxe4 26. Qe1 Nxg3
1/2-1/2

[Event "NED-ch 2006"]
[Site "Hilversum"]
[Date "2006.06.19"]
[Round "3"]
[White "Visser, Yge"]
[Black "Tiviakov, Sergei"]
[Result "0-1"]
[WhiteElo "2480"]
[BlackElo "2669"]
[PlyCount "90"]
[EventDate "2006.06.17"]
[Source "ChessBase"]
[SourceDate "2006.07.31"]

1. e4 c5 2. Nf3 d6 3. Bb5+ Nd7 4. a4 Ngf6 5. d3 g6 6. a5 a6 7. Bxd7+ Nxd7 8.
Nbd2 b5 9. axb6 Nxb6 10. e5 Bg7 11. exd6 exd6 12. Qe2+ Be6 13. Ne4 O-O 14. Bg5
Qc7 15. Qd2 Bd5 16. O-O f5 17. Nc3 Bxf3 18. gxf3 Qc6 19. Rfe1 Nd7 20. f4 Rab8
21. Re7 Rxb2 22. Qe1 Rb7 23. Rb1 Rxb1 24. Nxb1 d5 25. Nc3 d4 26. Na4 Kh8 27.
Qe6 Qxe6 28. Rxe6 Ra8 29. Re7 Nf8 30. Nb6 Rb8 31. Nd5 h6 32. Bh4 g5 33. fxg5
Ng6 34. gxh6 Nxe7 35. hxg7+ Kxg7 36. Bxe7 Kf7 37. Bg5 a5 38. c3 a4 39. cxd4 a3
40. Bf6 Ke6 41. dxc5 Kxd5 42. Kg2 a2 43. Kf3 Rb3 44. Ke3 Kxc5 45. h4 Rb4 0-1

[Event "NED-ch 2006"]
[Site "Hilversum"]
[Date "2006.06.20"]
[Round "4"]
[White "L'Ami, Erwin"]
[Black "Sokolov, Ivan"]
[Result "0-1"]
[WhiteElo "2565"]
[BlackElo "2676"]
[PlyCount "90"]
[EventDate "2006.06.17"]
[Source "ChessBase"]
[SourceDate "2006.07.31"]

1. d4 d5 2. c4 e6 3. Nc3 Bb4 4. Nf3 c5 5. cxd5 exd5 6. dxc5 Nc6 7. e3 Nf6 8.
Be2 O-O 9. O-O Bxc5 10. b3 a6 11. Bb2 Ba7 12. Qd3 Be6 13. Rfd1 Qe7 14. Rd2 Rad8
15. Rad1 Bg4 16. Qb1 Bxf3 17. Bxf3 d4 18. exd4 Nxd4 19. Ne4 Nxf3+ 20. gxf3 Nxe4
21. Qxe4 Qg5+ 22. Qg4 Bxf2+ 23. Kf1 Qxg4 24. fxg4 Bh4 25. Rd7 h6 26. Bc3 Rxd7
27. Rxd7 Rc8 28. Be5 Re8 29. Bg3 Bxg3 30. hxg3 b5 31. Ra7 Re6 32. Kf2 Rc6 33.
a4 Rc2+ 34. Kf3 Rc3+ 35. Kf2 bxa4 36. bxa4 Rc4 37. Rxa6 Rxg4 38. Kf3 h5 39. Ra5
g6 40. Ra7 Kg7 41. a5 Ra4 42. a6 Kf6 43. Kg2 g5 44. Kf3 Kg6 45. Kg2 f6 0-1

[Event "NED-ch 2006"]
[Site "Hilversum"]
[Date "2006.06.20"]
[Round "4"]
[White "Stellwagen, Daniel"]
[Black "Visser, Yge"]
[Result "1-0"]
[WhiteElo "2543"]
[BlackElo "2480"]
[PlyCount "131"]
[EventDate "2006.06.17"]
[Source "ChessBase"]
[SourceDate "2006.07.31"]

1. e4 e6 2. d4 d5 3. Nc3 Nf6 4. Bg5 Bb4 5. e5 h6 6. Bd2 Bxc3 7. bxc3 Ne4 8. Qg4
Kf8 9. Bd3 Nxd2 10. Kxd2 c5 11. Nf3 c4 12. Be2 Nc6 13. a4 Rg8 14. Qf4 Ke7 15.
g4 Qf8 16. h4 Kd7 17. h5 f6 18. Qg3 fxe5 19. Nxe5+ Nxe5 20. Qxe5 Kc6 21. f4 Qd6
22. a5 Bd7 23. Rhb1 Rab8 24. Rb4 Rgf8 25. Ke3 Qxe5+ 26. dxe5 Kc5 27. Rd1 Bc6
28. Rd4 b5 29. axb6 a5 30. Rb1 a4 31. Rb4 Bb5 32. f5 a3 33. fxe6 Rxb6 34. e7
Re8 35. Bf3 Bc6 36. Bxd5 Bxd5 37. Rxd5+ Kxd5 38. Rxb6 Kxe5 39. Ra6 Rxe7 40.
Ra5+ Kf6+ 41. Kf3 g6 42. hxg6 Kxg6 43. Rxa3 Rf7+ 44. Kg3 Re7 45. Ra6+ Kh7 46.
Kf4 Rf7+ 47. Ke4 Rg7 48. Kf5 Rg5+ 49. Kf4 Rc5 50. Re6 Kg7 51. Ke3 Rg5 52. Re4
Kf6 53. Kd4 h5 54. gxh5 Rxh5 55. Kxc4 Rh8 56. Kd3 Rd8+ 57. Ke3 Kf5 58. c4 Rc8
59. Kd3 Rd8+ 60. Rd4 Rc8 61. Rd6 Ke5 62. Rb6 Rh8 63. Kc3 Rh2 64. Rg6 Rh8 65.
Kb4 Rb8+ 66. Kc5 1-0

[Event "NED-ch 2006"]
[Site "Hilversum"]
[Date "2006.06.22"]
[Round "5"]
[White "Bosch, Jeroen"]
[Black "Stellwagen, Daniel"]
[Result "0-1"]
[WhiteElo "2465"]
[BlackElo "2543"]
[PlyCount "82"]
[EventDate "2006.06.17"]
[Source "ChessBase"]
[SourceDate "2006.07.31"]

1. d4 Nf6 2. c4 g6 3. Nc3 Bg7 4. e4 d6 5. f3 O-O 6. Nge2 c5 7. d5 e6 8. Ng3
exd5 9. cxd5 a6 10. a4 h5 11. Bg5 Nbd7 12. Be2 Qc7 13. Qd2 Rb8 14. O-O c4 15.
Rac1 b5 16. axb5 axb5 17. b4 Nh7 18. Be3 h4 19. Nh1 f5 20. exf5 gxf5 21. Nf2
Ne5 22. Rfe1 Qf7 23. f4 Ng4 24. Bd4 Nxf2 25. Bxf2 h3 26. g3 Nf6 27. Bf3 Bd7 28.
Re2 Rfe8 29. Rce1 Rxe2 30. Rxe2 Ra8 31. Re1 Ra3 32. Bd4 Qf8 33. Qf2 Ne8 34. Ne2
Rd3 35. Bxg7 Qxg7 36. Nc1 Ra3 37. Na2 Nf6 38. Re3 Ne4 39. Bxe4 Qa1+ 40. Nc1
Qxc1+ 41. Re1 Ra1 0-1

[Event "NED-ch 2006"]
[Site "Hilversum"]
[Date "2006.06.22"]
[Round "5"]
[White "Van der Wiel, John"]
[Black "L'Ami, Erwin"]
[Result "1/2-1/2"]
[WhiteElo "2511"]
[BlackElo "2565"]
[PlyCount "74"]
[EventDate "2006.06.17"]
[Source "ChessBase"]
[SourceDate "2006.07.31"]

1. e4 e5 2. Nf3 Nc6 3. Bb5 a6 4. Ba4 Nf6 5. O-O Nxe4 6. d4 b5 7. Bb3 d5 8. dxe5
Be6 9. Nbd2 Be7 10. c3 O-O 11. Bc2 f5 12. Nb3 Qd7 13. Nbd4 Nxd4 14. Nxd4 c5 15.
Nxe6 Qxe6 16. f3 Ng5 17. Bxg5 Bxg5 18. f4 Be7 19. Qf3 c4 20. Rad1 Bc5+ 21. Kh1
Rad8 22. Rd2 d4 23. cxd4 Rxd4 24. Rxd4 Bxd4 25. g4 fxg4 26. Qe4 Rd8 27. Qxh7+
Kf8 28. Rd1 Bb6 29. Rxd8+ Bxd8 30. Qh8+ Qg8 31. Qxg8+ Kxg8 32. Kg2 Bb6 33. Kg3
Bd4 34. b3 Bg1 35. bxc4 bxc4 36. Kxg4 Bxh2 37. Kf5 Kf7 1/2-1/2

[Event "NED-ch 2006"]
[Site "Hilversum"]
[Date "2006.06.22"]
[Round "5"]
[White "Visser, Yge"]
[Black "Werle, Jan"]
[Result "1/2-1/2"]
[WhiteElo "2480"]
[BlackElo "2529"]
[PlyCount "57"]
[EventDate "2006.06.17"]
[Source "ChessBase"]
[SourceDate "2006.07.31"]

1. e4 e5 2. Nf3 Nc6 3. Bb5 a6 4. Ba4 Nf6 5. O-O Be7 6. Re1 b5 7. Bb3 d6 8. c3
O-O 9. d3 Na5 10. Bc2 c5 11. Nbd2 Qc7 12. Nf1 Nc6 13. Ne3 Be6 14. Bd2 d5 15.
exd5 Nxd5 16. Ng5 Bxg5 17. Nxd5 Bxd5 18. Bxg5 Qd6 19. Qh5 h6 20. Be3 f5 21. f3
f4 22. Bf2 Bf7 23. Qh4 Bg6 24. Rad1 Rad8 25. Kh1 Kh7 26. Bg1 Rd7 27. Qf2 Rfd8
28. h3 Kh8 29. Qxc5 1/2-1/2

[Event "NED-ch 2006"]
[Site "Hilversum"]
[Date "2006.06.23"]
[Round "6"]
[White "Tiviakov, Sergei"]
[Black "Van der Wiel, John"]
[Result "1-0"]
[WhiteElo "2669"]
[BlackElo "2511"]
[PlyCount "105"]
[EventDate "2006.06.17"]
[Source "ChessBase"]
[SourceDate "2006.07.31"]

1. e4 c5 2. c3 d5 3. exd5 Nf6 4. d4 cxd4 5. Qa4+ Nbd7 6. Qxd4 Qb6 7. Qc4 Qa5 8.
Na3 a6 9. Nf3 Qxd5 10. Qxd5 Nxd5 11. Bc4 e6 12. Bxd5 exd5 13. Nc2 f6 14. Bf4
Nc5 15. O-O-O Be6 16. Rhe1 O-O-O 17. Nfd4 Bf7 18. f3 h5 19. Nf5 Ne6 20. Be3 g6
21. Nfd4 Ng7 22. Bf2 Bd6 23. Bg3 Bc5 24. Nb3 Bb6 25. Re7 Rhf8 26. Nc5 h4 27.
Bf4 Nh5 28. Na4 Ba5 29. Bh6 Rh8 30. Rxf7 Rxh6 31. Ne3 Nf4 32. Rxf6 Bc7 33. Kc2
Rh7 34. g3 Re7 35. Nf1 hxg3 36. hxg3 Ne6 37. b4 Ng5 38. f4 Nf3 39. Nd2 Re2 40.
Kd3 Rde8 41. Nxf3 R8e3+ 42. Kd4 Rxf3 43. Rxg6 Rxa2 44. Nc5 Kb8 45. Rg8+ Ka7 46.
Rg7 Kb8 47. Rd3 Rf1 48. Kxd5 a5 49. b5 Rb1 50. b6 Rxb6 51. Nd7+ Ka7 52. Nxb6
Bxb6 53. c4 1-0

[Event "NED-ch 2006"]
[Site "Hilversum"]
[Date "2006.06.23"]
[Round "6"]
[White "Visser, Yge"]
[Black "Bosch, Jeroen"]
[Result "0-1"]
[WhiteElo "2480"]
[BlackElo "2465"]
[PlyCount "96"]
[EventDate "2006.06.17"]
[Source "ChessBase"]
[SourceDate "2006.07.31"]

1. e4 e5 2. Nf3 Nc6 3. Bb5 a6 4. Ba4 Nf6 5. O-O Be7 6. Re1 b5 7. Bb3 d6 8. c3
O-O 9. h3 Na5 10. Bc2 c5 11. d4 Qc7 12. d5 Nc4 13. a4 Bd7 14. b3 Na5 15. axb5
axb5 16. Nbd2 Nb7 17. Bb2 g6 18. Bd3 Nh5 19. Bf1 Bf6 20. g3 Bg7 21. Nh2 Rfb8
22. Qe2 Qc8 23. h4 Rxa1 24. Rxa1 Ra8 25. Qd1 Nf6 26. Be2 h5 27. Nhf3 Ne8 28.
Ng5 Nd8 29. Nf1 Ra6 30. Ne3 Qa8 31. Rxa6 Qxa6 32. g4 hxg4 33. Bxg4 Qc8 34. c4
b4 35. Bxd7 Qxd7 36. Qa1 Nf6 37. Qa8 Nh7 38. Nxh7 Kxh7 39. h5 Bh6 40. hxg6+
fxg6 41. Bc1 Nf7 42. Qc6 Qh3 43. Qe8 Kg7 44. Qe6 Qf3 45. Bd2 Qxe4 46. Nf1 Bxd2
47. Nxd2 Qd3 48. Nf1 Qxb3 0-1

[Event "NED-ch 2006"]
[Site "Hilversum"]
[Date "2006.06.23"]
[Round "6"]
[White "Werle, Jan"]
[Black "Van Wely, Loek"]
[Result "0-1"]
[WhiteElo "2529"]
[BlackElo "2655"]
[PlyCount "72"]
[EventDate "2006.06.17"]
[Source "ChessBase"]
[SourceDate "2006.07.31"]

1. Nf3 d5 2. d4 Nf6 3. c4 e6 4. Nc3 c6 5. Bg5 h6 6. Bh4 dxc4 7. e4 g5 8. Bg3 b5
9. Be2 Bb7 10. h4 g4 11. Ne5 Nbd7 12. Nxg4 b4 13. Na4 Nxe4 14. Bxc4 h5 15. Be5
Rg8 16. Ne3 Nxe5 17. dxe5 Bh6 18. Qd3 c5 19. Rd1 Qxd3 20. Rxd3 Bc6 21. b3 Bxe3
22. Rxe3 Rxg2 23. Rf1 Rh2 24. Bd3 Rxh4 25. f4 Nc3 26. Nxc3 bxc3 27. Be2 c2 28.
Kd2 Rd8+ 29. Kxc2 Rd4 30. Kc3 Be4 31. a3 a5 32. Rd1 Rxd1 33. Bxd1 Bd5 34. Be2
Ke7 35. Kd2 Rh2 36. Rc3 h4 0-1

[Event "NED-ch 2006"]
[Site "Hilversum"]
[Date "2006.06.24"]
[Round "7"]
[White "Bosch, Jeroen"]
[Black "Werle, Jan"]
[Result "0-1"]
[WhiteElo "2465"]
[BlackElo "2529"]
[PlyCount "80"]
[EventDate "2006.06.17"]
[Source "ChessBase"]
[SourceDate "2006.07.31"]

1. d4 Nf6 2. c4 e6 3. Nc3 Bb4 4. e3 O-O 5. Nge2 d5 6. a3 Bd6 7. c5 Be7 8. b4 b6
9. Nf4 a5 10. Bd2 axb4 11. axb4 Rxa1 12. Qxa1 Nc6 13. Qa4 e5 14. Bb5 exd4 15.
Bxc6 dxc3 16. Bxc3 bxc5 17. bxc5 Ne4 18. Bd4 Nxc5 19. Bxc5 Bxc5 20. O-O d4 21.
exd4 Bd6 22. Nd3 Qg5 23. Re1 Qd2 24. Rd1 Qc3 25. h3 Be6 26. d5 Bf5 27. Bb5 Rb8
28. Qc4 Qa5 29. Bc6 h6 30. Qc2 Qa3 31. Qe2 Qc3 32. g4 Bg6 33. Ba4 Qc4 34. Bc2
Rb2 35. Qe8+ Kh7 36. Nxb2 Qxc2 37. Ra1 Qxb2 38. Ra8 Qb1+ 39. Kg2 Be4+ 40. f3
Qc2+ 0-1

[Event "NED-ch 2006"]
[Site "Hilversum"]
[Date "2006.06.24"]
[Round "7"]
[White "Smeets, Jan"]
[Black "L'Ami, Erwin"]
[Result "1/2-1/2"]
[WhiteElo "2535"]
[BlackElo "2565"]
[PlyCount "27"]
[EventDate "2006.06.17"]
[Source "ChessBase"]
[SourceDate "2006.07.31"]

1. e4 e5 2. Nf3 Nc6 3. d4 exd4 4. Nxd4 Bc5 5. Be3 Bb6 6. Nc3 Nge7 7. Bc4 O-O 8.
Qd2 d6 9. O-O Nxd4 10. Bxd4 Be6 11. Be2 d5 12. exd5 Nxd5 13. Rad1 Bxd4 14. Qxd4
1/2-1/2

[Event "NED-ch 2006"]
[Site "Hilversum"]
[Date "2006.06.24"]
[Round "7"]
[White "Sokolov, Ivan"]
[Black "Visser, Yge"]
[Result "1-0"]
[WhiteElo "2676"]
[BlackElo "2480"]
[PlyCount "113"]
[EventDate "2006.06.17"]
[Source "ChessBase"]
[SourceDate "2006.07.31"]

1. d4 Nf6 2. c4 g6 3. Nc3 Bg7 4. e4 d6 5. Bd3 Nbd7 6. h3 a6 7. Nf3 O-O 8. O-O
c6 9. Re1 e5 10. d5 c5 11. Ne2 b5 12. Ng3 Nb6 13. b3 Bd7 14. Bg5 Qe8 15. Qd2
Kh8 16. b4 cxb4 17. Qxb4 Qb8 18. c5 dxc5 19. Qxc5 Na4 20. Qb4 a5 21. Qe7 Re8
22. Qxf7 Qd6 23. Nh4 Rf8 24. Nxg6+ hxg6 25. Qxg6 Be8 26. Qxg7+ Kxg7 27. Nf5+
Kg6 28. Nxd6 Kxg5 29. Nxe8 Nxe8 30. Bxb5 Nb6 31. Rab1 Nd6 32. Rb3 Rab8 33. Reb1
Rbd8 34. Rg3+ Kf6 35. Bd3 Nd7 36. Rf3+ Ke7 37. Rxf8 Rxf8 38. Rc1 Rb8 39. f3 a4
40. h4 Rb2 41. Rc2 a3 42. h5 Rxc2 43. Bxc2 Kf6 44. Kf2 Kg5 45. g4 Nc5 46. Ke2
Nc4 47. Bd3 Nd6 48. Kd2 Nd7 49. Kc3 Kf4 50. Be2 Ke3 51. Bd1 Nf6 52. Kb4 Kd2 53.
Ba4 Ke2 54. g5 Nxh5 55. Kc5 Nb7+ 56. Kb6 Nd6 57. Kc7 1-0

[Event "NED-ch 2006"]
[Site "Hilversum"]
[Date "2006.06.25"]
[Round "8"]
[White "L'Ami, Erwin"]
[Black "Van Wely, Loek"]
[Result "1-0"]
[WhiteElo "2565"]
[BlackElo "2655"]
[PlyCount "115"]
[EventDate "2006.06.17"]
[Source "ChessBase"]
[SourceDate "2006.07.31"]

1. d4 d5 2. c4 c6 3. Nf3 Nf6 4. Nc3 e6 5. Bg5 h6 6. Bh4 dxc4 7. e4 g5 8. Bg3 b5
9. Be2 Bb7 10. O-O Nbd7 11. Ne5 Bg7 12. Nxd7 Nxd7 13. Bd6 Bf8 14. Bxf8 Rxf8 15.
e5 Qb6 16. Ne4 O-O-O 17. Nd6+ Kb8 18. a4 f6 19. Bf3 a6 20. axb5 axb5 21. b3 c3
22. Qe2 fxe5 23. dxe5 Qc5 24. Nxb7 Kxb7 25. Ra5 Kb6 26. Rfa1 Nb8 27. Qa2 Rxf3
28. gxf3 c2 29. b4 c1=Q+ 30. Kg2 Q5c4 31. Rxc1 Qxa2 32. Rxa2 Na6 33. Rxa6+ Kxa6
34. Rxc6+ Kb7 35. Rxe6 Rd4 36. Rxh6 Rxb4 37. Rg6 Rc4 38. Rxg5 b4 39. e6 Kc7 40.
Rb5 Kd6 41. Rb6+ Ke7 42. Kg3 Rd4 43. h4 b3 44. f4 Rd6 45. Rxb3 Kxe6 46. Kg4 Rd2
47. Rb6+ Kf7 48. f3 Rg2+ 49. Kf5 Kg7 50. h5 Rf2 51. Rg6+ Kh7 52. Rg3 Kh6 53.
Kg4 Rh2 54. f5 Rxh5 55. f4 Rh1 56. Rh3+ Rxh3 57. Kxh3 Kg7 58. Kh4 1-0

[Event "NED-ch 2006"]
[Site "Hilversum"]
[Date "2006.06.25"]
[Round "8"]
[White "Visser, Yge"]
[Black "Van der Wiel, John"]
[Result "0-1"]
[WhiteElo "2480"]
[BlackElo "2511"]
[PlyCount "98"]
[EventDate "2006.06.17"]
[Source "ChessBase"]
[SourceDate "2006.07.31"]

1. e4 e5 2. Nf3 Nc6 3. Nc3 Nf6 4. a3 d5 5. Bb5 Nxe4 6. Qe2 Nxc3 7. Qxe5+ Qe7 8.
dxc3 Bd7 9. Bxc6 Bxc6 10. Be3 Qxe5 11. Nxe5 Bb5 12. a4 Ba6 13. O-O-O f6 14. Nd3
Kf7 15. Nb4 Bxb4 16. cxb4 c6 17. b5 cxb5 18. a5 Rhd8 19. b3 b4 20. Bc5 Be2 21.
Rd2 Bb5 22. Re1 Rd7 23. Red1 Bc6 24. Re2 a6 25. Rde1 Rc7 26. Bd6 Rcc8 27. Re7+
Kg8 28. Bxb4 Re8 29. Kd2 Rxe7 30. Rxe7 Re8 31. Rc7 h5 32. Be7 Kf7 33. Bc5+ Kg6
34. f3 Rd8 35. h4 Rd7 36. Rc8 d4 37. Bb6 Bb5 38. Rc5 Re7 39. g4 hxg4 40. fxg4
Re2+ 41. Kc1 Re4 42. Rd5 Rxg4 43. Rxd4 Kh5 44. Rxg4 Kxg4 45. Bf2 Kf3 46. Bd4
Be8 47. Kd2 Kg3 48. Bc5 Kxh4 49. Bf8 g5 0-1

[Event "NED-ch 2006"]
[Site "Hilversum"]
[Date "2006.06.27"]
[Round "9"]
[White "Nijboer, Friso"]
[Black "Visser, Yge"]
[Result "1-0"]
[WhiteElo "2584"]
[BlackElo "2480"]
[PlyCount "95"]
[EventDate "2006.06.17"]
[Source "ChessBase"]
[SourceDate "2006.07.31"]

1. e4 e6 2. d4 d5 3. Nc3 Nf6 4. e5 Nfd7 5. f4 c5 6. Nf3 Nc6 7. Be3 a6 8. Qd2 b5
9. Be2 Qb6 10. Nd1 b4 11. c3 Rb8 12. O-O g6 13. Kh1 Na5 14. Bg1 bxc3 15. bxc3
cxd4 16. Nxd4 Nc5 17. Ne3 Qb2 18. Qe1 Ne4 19. Rc1 h5 20. Bd3 Qd2 21. Qd1 Qxd1
22. Rfxd1 Ba3 23. Rc2 Nc5 24. c4 dxc4 25. Nxc4 Nxc4 26. Rxc4 Bd7 27. Be2 Na4
28. Nc2 Be7 29. Rxd7 Kxd7 30. Rd4+ Kc7 31. Rxa4 Rb2 32. Nd4 Bc5 33. Bf3 Rb1 34.
Rc4 Kb6 35. a4 a5 36. h3 Rxg1+ 37. Kxg1 Rd8 38. Rxc5 Kxc5 39. Nc6 Rd3 40. Nxa5
Kb4 41. Nb7 h4 42. a5 Ra3 43. Be2 Kc3 44. a6 Kd4 45. Nd6 Ra2 46. Kf2 Kd5 47.
Kf3 Ra3+ 48. Kg4 1-0

[Event "NED-ch 2006"]
[Site "Hilversum"]
[Date "2006.06.27"]
[Round "9"]
[White "Smeets, Jan"]
[Black "Stellwagen, Daniel"]
[Result "1/2-1/2"]
[WhiteElo "2535"]
[BlackElo "2543"]
[PlyCount "86"]
[EventDate "2006.06.17"]
[Source "ChessBase"]
[SourceDate "2006.07.31"]

1. e4 c5 2. Nf3 e6 3. c4 Nc6 4. Nc3 Nd4 5. Nxd4 cxd4 6. Nb1 Qa5 7. Be2 Nf6 8.
Qc2 d5 9. exd5 exd5 10. cxd5 Bd6 11. O-O O-O 12. d3 Qxd5 13. Bf3 Qe5 14. g3 Bh3
15. Bg2 Qh5 16. Nd2 Ng4 17. Nf3 Rae8 18. Qd1 f5 19. Re1 Kh8 20. Rxe8 Rxe8 21.
Bxh3 Qxh3 22. Qf1 Qh5 23. Bd2 f4 24. h3 fxg3 25. hxg4 Qxg4 26. Qg2 Rf8 27. Ng5
Rxf2 28. Qd5 Qh5 29. Qh1 Qxh1+ 30. Kxh1 Rxd2 31. Nf7+ Kg8 32. Nxd6 h5 33. Nf5
h4 34. Re1 Rxb2 35. Re7 Rxa2 36. Rxg7+ Kf8 37. Rg4 Rd2 38. Rxd4 Rh2+ 39. Kg1 h3
40. Rf4 Ke8 41. Rg4 Rg2+ 42. Kh1 Rh2+ 43. Kg1 Rg2+ 1/2-1/2

[Event "NED-ch 2006"]
[Site "Hilversum"]
[Date "2006.06.27"]
[Round "9"]
[White "Van der Wiel, John"]
[Black "Bosch, Jeroen"]
[Result "1/2-1/2"]
[WhiteElo "2511"]
[BlackElo "2465"]
[PlyCount "42"]
[EventDate "2006.06.17"]
[Source "ChessBase"]
[SourceDate "2006.07.31"]

1. e4 e5 2. Nf3 Nc6 3. Bb5 a6 4. Ba4 Nf6 5. O-O Be7 6. Re1 b5 7. Bb3 d6 8. c3
O-O 9. d4 Bg4 10. Be3 Bd7 11. a4 exd4 12. Bxd4 Rb8 13. axb5 axb5 14. Nbd2 Nxd4
15. cxd4 c5 16. e5 dxe5 17. dxe5 Ng4 18. Bc2 Be6 19. h3 Nh6 20. Qb1 g6 21. Rd1
Qc7 1/2-1/2